| 000 | 00742nam a2200193Ia 4500 | ||
|---|---|---|---|
| 008 | 151121s9999||||xx |||||||||||||| ||und|| | ||
| 082 | _aबा।वि। | ||
| 082 | _bHNW-73890 | ||
| 100 | _aश्रीत्रिय वि। कृ। | ||
| 245 | _a"सती, सावित्री आणि शकुंतला" | ||
| 260 | _b"श्रीत्रिय, पुणे" | ||
| 260 | _c-- | ||
| 300 | _a52 | ||
| 600 | _aश्रीत्रिय वि। कृ। | ||
| 630 | _a"सती, सावित्री आणि शकुंतला" | ||
| 700 | _aश्रीत्रिय वि। कृ। | ||
| 730 | _a"सती, सावित्री आणि शकुंतला" | ||
| 942 | _cBOOK | ||
| 999 |
_c1255345 _d1255342 |
||